000 00426nam a22001697a 4500
005 20180717151846.0
008 160511b xxu||||| |||| 00| 0 eng d
020 _a0-7069-9898-7
041 _aeng
082 _b1282
_a658.1511
100 _aPandey I.M.
_94539
245 _aEssentials of Management Accounting
260 _bVikas Publishing house Pvt. Ltd.
_c1995
300 _a379
650 _aManagement
_9241
942 _cBK
999 _c550
_d550